000 00635nam a2200229 a 4500
999 _c1647
_d1647
003 PK-NaQUE
005 20250731092200.0
008 250731b ||||| |||| 00| 0 eng d
020 _a0070701407 (paperback)
020 _a9780070701403 (paperback)
040 _cQUEST
100 1 _aStreeter, Victor L.
245 1 0 _aFluid Mechanics
250 _a9th edition.
260 _a[S.l.] :
_bTata Mcgraw Hill,
300 _a1 v. (unpaged) ;
650 _aFluid Mechanics
700 _aWylie, E. Benjamin
700 _aBedford, Keith W.
856 4 0 _uhttp://10.10.170.122:8080/browse/book/24300
_yDownload eBook
942 _cBK
_2ddc